Návrh metodického postupu pre udeľovanie licencií, na menovanie akreditačných pracovísk a návrh systému kontinuálneho vzdelávania v oblasti funkčnej diagnostiky dýchacieho a kardiovaskulárneho ústrojenstva

Bibliographic Details
Main Author: Krištúfek, Peter, 1945-2022 (Author)
Format: Article
Language:Slovak
ISSN:1210-0048
Subjects:

MARC

LEADER 00000nab a2200000 a 4500
001 vtls000500002
003 SK-MaSNL
005 20260304101223.0
008 250426c1993 xo 0 slo
015 |a SNBRB19rr/mm-uuuuu 
035 |a CL0500140 
035 |a urn:nbn:sk:snk-ab6t4j 
035 |a (uuid)cc67504c-ec9d-43cb-9aa4-c314b66f10fd 
035 |a (urnnbn)urn:nbn:sk:snk:ar-a05pjg 
035 |a (sysno)vtls000500002 
040 |a SNKBUCL  |b slo  |c SNKBUCL  |e AACR2 
041 0 |a slo 
044 |a xo  |c SK 
080 |a 616.2-072.7  |2 1981 
080 |a 616.1-072.7  |2 1981 
080 |a 616.2:061.22(437.6)  |2 1981 
080 |a 616.1:061.22(437.6)  |2 1981 
100 1 |a Krištúfek, Peter,  |d 1945-2022  |4 aut  |9 115136 
245 1 0 |a Návrh metodického postupu pre udeľovanie licencií, na menovanie akreditačných pracovísk a návrh systému kontinuálneho vzdelávania v oblasti funkčnej diagnostiky dýchacieho a kardiovaskulárneho ústrojenstva  |c Peter Krištúfek 
610 2 7 |a Slovenská pneumologická a ftizeologická spoločnosť  |2 snkbucl  |9 1396304 
610 2 7 |a Slovenská kardiologická spoločnosť  |2 snkbucl  |9 16566 
650 0 7 |a ústrojenstvo dýchacie  |2 snkbucl  |9 1112461 
650 0 7 |a kardiovaskulárny systém  |2 snkbucl  |9 2501 
650 0 7 |a diagnostika funkčná kardiopulmonálna  |2 snkbucl  |9 1218600 
655 7 |a články z novín a časopisov  |2 snkbucl  |9 267496 
773 0 |t Neinvazívna kardiológia  |g Roč. 2, č. 4 (1993), s. 269-271  |x 1210-0048 
850 |a Slovenská národná knižnica 
852 |a Slovenská národná knižnica 
954 |a odborná, vedecká literatúra pôvodná (slovenská)  |2 lita 
958 |a article27 
958 |a RK 
958 |a MI 
958 |a OND 
958 |a EUIPO 
992 |a RBX 
999 |c 2841087  |d 2843017